000 00470nam a2200181Ia 4500
001 13927
005 20260306164837.0
008 260306t2011||||xx |||||||||||||| ||spa||
041 _aESP
082 _a005.73
_bC78
100 _aCorona Nakamura, María Adriana
_eAUT
245 0 _aDiseño de algoritmos y su codificación en lenguaje C
260 _c2011
300 _axiii, 326 páginas :
_c27 cm.
650 _aGEN
654 _aCCC
942 _cLIB
_dJUS
_fJUS
_2ddc
_n
999 _c13927
_d13927